The Qur'an : a user's guide
| Main Author: | |
|---|---|
| Format: | Book |
| Published: |
Oxford : :
Oneworld, ,
2005
|
| Subjects: |
MARC
| LEADER | 00000cam a2200000 7i4500 | ||
|---|---|---|---|
| 001 | 0000003621 | ||
| 005 | 20080114.0 | ||
| 020 | 0 | 0 | |a 1851683542 |
| 090 | 0 | 0 | |a 297.12261 |b ESA |
| 100 | 1 | 0 | |a Esack, Farid. |
| 245 | 1 | 4 | |a The Qur'an : |b a user's guide |c Farid Esack. |
| 260 | 0 | 0 | |a Oxford : : |b Oneworld, , |c 2005 |
| 300 | |a 214 p.: : |b 1 ill., ; |c 22 cm. | ||
| 500 | 0 | 0 | |a Includes bibliographical references and index. |
| 650 | 0 | 0 | |a Koran |x Introductions. |
| 999 | |a 0000006777 |b Monograph |c Open Shelf |e Default branch | ||